Charles Cordier, Les Nubien : 1848-1851 : [exposition, Le Havre, Musée Malraux, du 15 au 31 octobre 2011] /

محفوظ في:

المؤلف الرئيسي: Margerie, Laure de (مؤلف)

مؤلفون آخرون: Papet, Édouard.

التنسيق: كتاب

اللغة: French

سلاسل: Cahiers du MuMa ; 2.

الموضوعات:

الوسوم: إضافة وسم

لا توجد وسوم, كن أول من يضع وسما على هذه التسجيلة!

رقم الطلب: ( P )NB553 .C812 2011

LEADER 01143namaa2200301 4500
001 21847
003 OSt
005 20210904061446.0
008 130303s2011 fr a g bc 000 0 fre d
952 |0 0  |1 0  |2 lcc  |4 0  |7 1  |9 18356  |a ARCE  |b ARCE  |d 2021-09-04  |l 0  |o ( P )NB553 .C812 2011  |p 1017982  |r 2021-09-04 00:00:00  |w 2021-09-04  |y BK 
999 |c 21462  |d 21462 
020 |a 9782757204870 (pbk.) 
040 |c ARCE Library 
050 0 4 |a ( P )NB553 .C812 2011 
100 1 |a Margerie, Laure de,  |e author  |9 35399 
245 1 0 |a Charles Cordier, Les Nubien :  |b 1848-1851 : [exposition, Le Havre, Musée Malraux, du 15 au 31 octobre 2011] /  |c Laure de Margerie, Edouard Papet. 
264 1 |a Paris :  |b [Somogy],  |c c2011. 
300 |a 39 pages :  |b illustrations ;  |c 22 cm. 
490 1 |a Cahiers du MuMa ;   |v 2. 
504 |a Includes bibliographical references. 
555 |a wafaa.lib 
600 1 0 |a Cordier, Charles,  |d 1827-1905.  |v Exhibitions. 
650 0 |a Figure sculpture, French  |y 19th century  |v Exhibitions. 
650 0 |a Ethnic groups in art  |v Exhibitions. 
700 1 |a Papet, Édouard.  |9 37290 
830 0 |a Cahiers du MuMa ;   |v 2. 
901 |a reviewed 
942 |c BK  |2 lcc